| 000 | 00587nam a22001577a 4500 | ||
|---|---|---|---|
| 020 | _a81-250-1027-0 | ||
| 082 |
_a646 _bDAN/F |
||
| 100 | _aDANTYAGI, SUSHEELA | ||
| 245 | _aFUNDAMENTALS OF TEXTILES AND THEIR CARE | ||
| 250 | _aFIFTH EDITION | ||
| 260 |
_aHYDERABAD _bORIENT LONGMAN _c2006 |
||
| 300 | _a278 | ||
| 520 | _aTHE BOOK TAKES INTO ACCOUNT THE MANY NEW DEVELOPMENTS THAT HAVE TAKEN PLACE IN THE FILED OF TEXTILES. STUDY OF RAW MATERIALS TO FINISHED PRODUCTS , CARE OF TEXTILES WITH PARTICULAR RELEVANCE TO INDIAN CONDITIONS | ||
| 650 |
_aFASHION DESIGNING _zINDIA |
||
| 942 | _cBK | ||
| 999 |
_c5903 _d5903 |
||